Oeuvres complètes / (Record no. 169976)

MARC details
000 -LEADER
campo de control de longitud fija 01034nam a2200241 i 4500
001 - NÚMERO DE CONTROL
campo de control 169976
003 - IDENTIFICADOR DE NÚMERO DE CONTROL
campo de control ES-MaACL
005 - FECHA Y HORA DE LA ÚLTIMA TRANSACCIÓN
campo de control 20230906214246.0
008 - DATOS DE LONGITUD FIJA--INFORMACIÓN GENERAL
campo de control de longitud fija 090105s1855 fr |||| | fre d
080 ## - NÚMERO DE LA CLASIFICACIÓN DECIMAL UNIVERSAL
Número de la Clasificación Decimal Universal 821.133.1"18"
100 1# - ENTRADA PRINCIPAL--NOMBRE DE PERSONA
Nombre de persona Delavigne, Casimir.
9 (RLIN) 43338
245 10 - MENCIÓN DEL TÍTULO
Título Oeuvres complètes /
Mención de responsabilidad, etc. de Casimir Delavigne.
250 ## - MENCION DE EDICION
Mención de edición Nouv. éd. rev. et augm.
260 ## - PUBLICACIÓN, DISTRIBUCIÓN, ETC.
Lugar de publicación, distribución, etc. Paris :
Nombre del editor, distribuidor, etc. Didier,
Fecha de publicación, distribución, etc. 1855.
300 ## - DESCRIPCIÓN FÍSICA
Extensión 556, [4], 67 p., [13] h. de lám., grab. :
Otras características físicas il. ;
Dimensiones 27 cm.
500 ## - NOTA GENERAL
Nota general Índice.
505 8# - NOTA DE CONTENIDO CON FORMATO
Nota de contenido con formato Contiene: Théâtre ; Messéniennes ; Poésies populaires et diverses ; Oeuvres posthumes : Derniers chants, poëmes et ballades sur l'Italie.
594 ## - Nota al título y mención de responsabilidad
Nota al título y mención de responsabilidad Con port. propia: Derniers chants : poëmes et ballades sur L'Italie, par Casimir Delavigne ; précédés d'une notice par M. Germain Delavigne. - (67 p.)
599 ## - NOTA A LAS ILUSTRACIONES
NOTA A LAS ILUSTRACIONES Retr. del autor.
600 04 - PUNTO DE ACCESO ADICIONAL DE MATERIA--NOMBRE DE PERSONA
Nombre de persona Delavigne, Casimir.
9 (RLIN) 43338
700 1# - ENTRADA AGREGADA--NOMBRE PERSONAL
Nombre de persona Delavigne, Germain.
9 (RLIN) 139024
852 4# - LOCALIZACIÓN
Ubicación ES-MaACL
Número de control de estantería E-12374
itemnumber R.140574
Nota libre .- Biblioteca Jacinto Martínez Lacalle
Holdings
Estatus retirado Estado de pérdida Estado de daño No para préstamo Colección Biblioteca de origen Biblioteca actual Ubicación en estantería Fecha de adquisición Fuente de adquisición Total de préstamos Signatura topográfica completa Código de barras Visto por última vez Precio de reemplazo Tipo de ítem Koha
        Libros del s. XIX Biblioteca del Ateneo de Madrid Biblioteca del Ateneo de Madrid Depósito 2 05/01/2009     E-12374 1178457 23/02/2023 23/02/2023 Libro impreso antiguo